| 000 | 01273 a2200193 4500 | ||
|---|---|---|---|
| 001 | 59519 | ||
| 005 | 20260407155849.0 | ||
| 008 | 260407a1995 arg spa d | ||
| 003 | AR-UNSa-BCEJYS | ||
| 040 |
_aAR-UNSa-BCEJYS _bspa _cAR-UNSa-BCEJYS |
||
| 080 |
_a330(82) _xEconomia Argentina |
||
| 245 | 1 | 0 |
_aMas alla de la estabilidad _pArgentina en la época de la globalización y la regionalización |
| 264 | 1 |
_aBuenos Aires : _bFundación Friedrich Ebert _c1995 |
|
| 300 |
_a328 p. _c23 cm. |
||
| 505 | _a1. Argentina: ¿Nuevo capitalismo emergente? – 2. Un ensayo sobre la política económica después de la estabilización – 3. La industria argentina, un proceso de reestructuración desarticulada – 4. Grandes grupos económicos en la Argentina. Formas de propiedad y lógicas de expansión – 5. Las economías regionales: un proceso de decadencia estructural – 6. Reconversión productiva y empleo en Argentina – 7. Baja inflación, reactivación y mayor desempleo ¿paradoja o mala praxis? – 8. Estabilización, ajuste estructural y política social. Los inocentes son culpables – 9. Antes y después de la unión aduanera del Mercosur prioridades de política | ||
| 942 | _cBK | ||
| 590 | _aniveau_biblio:m niveau_hierar:0 | ||
| 100 | 1 | _aBustos, Pablo | |
| 999 |
_c6725 _d6725 |
||